| 000 | 00663nas a2200193 i 4500 | ||
|---|---|---|---|
| 001 | C2-0334988 | ||
| 003 | PPAK | ||
| 005 | 20180729123430.0 | ||
| 008 | 151208s io a|||| ||||| | ind d | ||
| 022 | _a1411-1187 | ||
| 040 |
_aPPAK _beng _cPPAK _erda |
||
| 245 | 0 | 0 |
_aTeroka : _bmajalah budaya |
| 264 | 1 |
_aDepok : _bBagian Penelitian dan Pengembangan Bahasa Indonesia Untuk Penutur Asing, Fakultas Sastra, Universitas Indonesia, , |
|
| 336 |
_2rdacontent _atext |
||
| 337 |
_2rdamedia _aunmediated |
||
| 338 |
_2rdacarrier _avolume |
||
| 650 | 1 | 0 | _aIndonesia - Civilization - Periodicals. ; Language and culture - Indonesia - Periodicals. |
| 942 |
_ddc _cSR |
||
| 999 |
_c149846 _d149846 |
||